Foreign banks: A small shift that does not change the basic policy (Record no. 533137)
[ view plain ]
| 000 -LEADER | |
|---|---|
| fixed length control field | 00857nam a22001337a 4500 |
| 008 - FIXED-LENGTH DATA ELEMENTS--GENERAL INFORMATION | |
| fixed length control field | 260427b ||||| |||| 00| 0 eng d |
| 100 ## - MAIN ENTRY--PERSONAL NAME | |
| Personal name | Mohan, T.T. Ram |
| 245 ## - TITLE STATEMENT | |
| Title | Foreign banks: A small shift that does not change the basic policy |
| 260 ## - PUBLICATION, DISTRIBUTION, ETC. (IMPRINT) | |
| Place of publication, distribution, etc | Economic & Political Weekly |
| 300 ## - PHYSICAL DESCRIPTION | |
| Extent | 61(7), Feb 14, 2026: p.10-11 |
| 520 ## - SUMMARY, ETC. | |
| Summary, etc | Recent foreign investments in Indian banks signal only a modest shift in policy rather than a fundamental change in stance. With domestic banks now stronger, better capitalised, and technologically advanced, and with foreign banks accounting for a small share of assets, the concerns that led to extreme caution on foreign bank entry no longer apply. –Reproduced https://www.epw.in/journal/2026/7/h-t-parekh-finance-column/foreign-banks.html |
| 773 ## - HOST ITEM ENTRY | |
| Main entry heading | Economic & Political Weekly |
| 942 ## - ADDED ENTRY ELEMENTS (KOHA) | |
| Item type | Articles |
| Withdrawn status | Lost status | Source of classification or shelving scheme | Damaged status | Not for loan | Permanent location | Current location | Date acquired | Serial Enumeration / chronology | Barcode | Date last seen | Koha item type |
|---|---|---|---|---|---|---|---|---|---|---|---|
| Indian Institute of Public Administration | Indian Institute of Public Administration | 2026-04-27 | 61(7), Feb 14, 2026: p.10-11 | AR138648 | 2026-04-27 | Articles |
